Tom Welling Filmography - Statistics

General Stats
  • This quiz has been taken 18 times
  • The average score is 10 of 24
Answer Stats
Group Year Answer % Correct
Productions 2009-2011 Smallville
100%
Directed 2006-2011 Smallville
100%
TV Series 2001-2012 Smallville
100%
Short 2003 Smallville Season 3 Promo
100%
TV Mini-Series 2006 Smallville: Vengeance Chronicles
100%
Movie 2003 Cheaper by the Dozen
75%
Movie 2005 Cheaper by the Dozen 2
63%
TV Series 2017-2018 Lucifer
56%
Movie 2005 The Fog
44%
TV Series 2020 Professionals
38%
Productions 2020 Professionals
38%
Movie 2014 Draft Day
31%
TV Series 2001 Judging Amy
31%
Music Video 2000 Angela Via: Picture Perfect
25%
Movie 2013 Parkland
25%
Movie 2016 The Choice
25%
TV Series 2019 Batwoman
19%
Productions 2010-2011 Hellcats
13%
TV Series 2001 Special Unit 2
13%
TV Series 2001 Undeclared
13%
TV Mini-Series 2019-2020 Crisis on Infinite Earths
6%
Movie 2022 The Flash
6%
Thanks 2012 The Bad Superhero
0%
Thanks 2010 The Unvarnished Boy
0%
No matching quizzes found
Score Distribution
Percent of People with Each Score
Percentile by Number Answered
Your Score History
You have not taken this quiz